00374nam a22001217a 4500020001500000082001200015100002000027245003900047260005300086300002800139500004400167650004100211 a013027805X00a541 RAF1 aRaff, Lionel M.10aPrinciples of physical chemistry / aUpper Saddle River, NJ :bPrentice Hall,cc2001. axxxi, 1256 p. :bill. ; aThis volume consist page no 507 - 1256  0aChemistry, Physical and theoretical.